| 000 | 00824nam a2200265Ia 4500 | ||
|---|---|---|---|
| 003 | OSt | ||
| 005 | 20220918170853.0 | ||
| 006 | a|||||r|||| 00| 0 | ||
| 007 | ta | ||
| 008 | 220917b |||||||| |||| 00| 0 eng d | ||
| 020 |
_a9780748689606 (hbk) _c7543.5 |
||
| 024 | _a281,693 | ||
| 037 |
_b43, 23/09/2014, Mallika Books _cTextual |
||
| 040 |
_aARTS _cARTS _beng |
||
| 041 |
_2eng _aeng |
||
| 082 | _aP:4, Q3 | ||
| 100 |
_aHacken Pius ten Ed. _931842 |
||
| 245 | 0 | _aSemantic of world formation and lexicalization | |
| 260 |
_aEdinburgh _bEdinburgh University Press UK _c2013 |
||
| 300 |
_ax, 318p. _ccm. |
||
| 650 | _aLINGUISTICS | ||
| 700 |
_a Thomas Claire Ed. _931843 |
||
| 942 |
_hP:4, Q3 _cTEXL _2CC |
||
| 999 |
_c136354 _d136354 |
||